000 00558nam a2200181Ia 4500
003 GCL
008 140319s9999 xx 000 0 ara d
040 _aGCL /
_cGCL
082 0 4 _a818.03
_bع ا
100 1 _aعبدالعزيز شرف
245 1 0 _aادب السيرة الذاتية /
_cعبدالعزيز شرف
260 _a[S.N] :
_bالشركة المصرية العالمية للنشر ،
_c1992
300 _a167 ص
490 _aسلسلة ادبيات
_v0
650 0 4 _aالادب العربى
650 0 4 _aالتراجم
942 _2ddc
_cBK
999 _c32940
_d32940